书目信息 |
| 题名: |
黑洞和宇宙
|
|
| 作者: | 诺维科扶 , 陶金何 著 | |
| 分册: | ||
| 出版信息: | 南京 江苏人民出版社 2000.07 |
|
| 页数: | 205页 | |
| 开本: | 32开 | |
| 丛书名: | ||
| 单 册: | ||
| 中图分类: | P1-49 | |
| 科图分类: | ||
| 主题词: | 天文学 | |
| 电子资源: | ||
| ISBN: | 7-214-02752-6 | |
| 000 | 00616nam0 2200205 45 | |
| 001 | 0011190821 | |
| 005 | 20001119082723.9 | |
| 010 | @a7-214-02752-6@d12.00元 | |
| 100 | @a20001119d2000 km y0chiy0120 ea | |
| 101 | 0 | @achi |
| 105 | @a z 000yy | |
| 200 | 1 | @a黑洞和宇宙@AHei Dong He Yu Zhou@f(俄)诺维科扶著;王天衣,陶金何译@F(E)Nuo Wei Ke Fu Zhu;Wang Tian Yi,Tao Jin He Yi |
| 210 | @a南京@c江苏人民出版社@d2000.07 | |
| 215 | @a205页@d32开 | |
| 606 | 0 | @a天文学 |
| 690 | @aP1-49@v3 | |
| 701 | 0 | @a诺维科扶@4著 |
| 701 | 0 | @a陶金何@4译 |
| 801 | @aCN@bPftUser@c20001119 | |
| 905 | @b413157-159@dP1-49@eN385@f3 | |
| 黑洞和宇宙/(俄)诺维科扶著;王天衣,陶金何译.-南京:江苏人民出版社,2000.07 |
| 205页;32开 |
| ISBN 7-214-02752-6:12.00元 |
| ● |
| 相关链接 |
|
|
|
正题名:黑洞和宇宙
索取号:P1-49/N385
 
预约/预借
| 序号 | 登录号 | 条形码 | 馆藏地/架位号 | 状态 | 备注 |
| 1 | 197299 | 201972990 | 自科库401/401自科库 65排1列3层/ [索取号:P1-49/N385] | 在馆 | |
| 2 | 197300 | 201973007 | 自科库401/401自科库 65排1列3层/ [索取号:P1-49/N385] | 在馆 | |
| 3 | 197301 | 201973016 | 自科库401/401自科库 65排1列3层/ [索取号:P1-49/N385] | 在馆 | |
| 4 | 413157 | 204131572 | 自科库401/401自科库 65排2列1层/ [索取号:P1-49/N385] | 在馆 | |
| 5 | 413158 | 204131581 | 自科库401/401自科库 65排2列1层/ [索取号:P1-49/N385] | 在馆 | |
| 6 | 413159 | 204131590 | 自科库401/401自科库 65排2列1层/ [索取号:P1-49/N385] | 在馆 |